| 000 | 00431nam a2200157 4500 | ||
|---|---|---|---|
| 020 | _a9780137029136 | ||
| 082 | _a368 REJ | ||
| 100 | _aRejda George E. | ||
| 245 | _aPrinciples of risk Management and Insurance | ||
| 250 | _a11th ed. | ||
| 260 |
_aNew jersey _bPearson Publisher _c2011 |
||
| 300 |
_axvi, 731p. _bill. ;26cm. |
||
| 505 | _ainclude appendix, glossary and index | ||
| 650 | _aManagement and Insurance | ||
| 942 | _cBK | ||
| 999 |
_c12397 _d12397 |
||